LEADER 01361nam 2200349Ia 450 001 996395447703316 005 20221108075724.0 035 $a(CKB)4330000000323865 035 $a(EEBO)2264207744 035 $a(OCoLC)12686573 035 $a(EXLCZ)994330000000323865 100 $a19851017d1680 uy | 101 0 $aeng 135 $aurbn||||a|bb| 200 14$aThe art of divine meditation, or, A discourse of the nature, necessity, and excellency thereof$b[electronic resource] $ewith motives to, and rules for the better performance of that most important Christian duty : in several sermons on Gen. 24:63 /$fby Edmund Calamy .. 210 $aLondon $cPrinted for Tho. Parkhurst, and are to be sold at his shop ... and by J. Collier ...$d1680 215 $a[16], 208 p 300 $aReproduction of original in Union Theological Seminary Library, New York. 330 $aeebo-0160 606 $aMeditation$vEarly works to 1800 606 $aSermons, English$y17th century 615 0$aMeditation 615 0$aSermons, English 700 $aCalamy$b Edmund$f1600-1666.$01002065 801 0$bEAA 801 1$bEAA 801 2$bm/c 801 2$bWaOLN 906 $aBOOK 912 $a996395447703316 996 $aThe art of divine meditation, or, A discourse of the nature, necessity, and excellency thereof$92365239 997 $aUNISA LEADER 00954nam a22002411i 4500 001 991004224179707536 005 20031021173336.0 008 031111s1974 uik|||||||||||||||||eng 035 $ab12551545-39ule_inst 035 $aARCHE-058481$9ExL 040 $aDip.to Lingue$bita$cA.t.i. Arché s.c.r.l. Pandora Sicilia s.r.l. 082 04$a809.914 100 1 $aBattestin, Martin C.$0193347 245 14$aThe providence of wit :$baspects of form in Augustan literature and the arts /$cMartin C. Battestin 260 $aOxford :$bClarendon press,$c1974 300 $aX, 331 p., [6] c. di tav. ;$c23 cm 651 4$aInghilterra$xCritica letteraria 907 $a.b12551545$b02-04-14$c13-11-03 912 $a991004224179707536 945 $aLE012 Ist 3/1 BAT 1$g1$i2012000231221$lle012$o-$pE0.00$q-$rl$s- $t0$u0$v0$w0$x0$y.i13002557$z13-11-03 996 $aProvidence of wit$9175113 997 $aUNISALENTO 998 $ale012$b13-11-03$cm$da $e-$feng$guik$h4$i1